| 000 | 02560cam a2200229 i 4500 | ||
|---|---|---|---|
| 020 | _a1933264888 (hardcover : alk. paper) | ||
| 020 | _a9781933264882 (hardcover : alk. paper) | ||
| 082 | 0 | 0 |
_a363.1251 _bSMI _cNUST-02-p99 |
| 100 | 1 |
_aSmiley, Alison, _951733 |
|
| 245 | 1 | 0 |
_aHuman factors in traffic safety / _cedited by Alison Smiley ; contributors, Gerson Alexander, Cher Carney, Robert Dewar, Bonnie M. Dobbs, Paul Green, Fred Hanscom, Jeff Linkenbach, Michele Lustman, Daniel V. McGehee, Herbert Moskowitz, Paul Olson, Jay Otto, Michelle L. Reyes, James E. W. Roseborough, Thomas Smahel, Steve Swinford, Louis Tijerina, Nicholas Ward, David L. Wiesenthal, Sarah Keller. |
| 250 | _aThird edition. | ||
| 260 |
_aUSA:. _bLawyers & Judges Publishing company. _c2016.. |
||
| 300 |
_aix, 540 pages : _billustrations ; _c28 cm |
||
| 500 | _aIncludes index. | ||
| 505 | 0 | _aUnderstanding Road Users /Alison Smiley, Ph.D., CCPE -- Perception /R. E. Dewar and P. L. Olson -- Information Processing, Attention, and Driver Workload /Louis Tijerina -- Where Drivers Look while Driving (and for How Long) /Paul Green -- Driver Perception-Response Time /Paul Olson -- Young Drivers /Michelle L. Ryes, Cher Carney, and Daniel V. McGehee, University of Iowa Human Factors and Vehicle Safety Research Division Public Policy Center -- Older Drivers /Robert Dewar -- Aggressive Driving /David L. Wiesenthal, Michèle Lustman, & James Roseborough -- Alcohol and Drugs /Herbert Moskowitz -- Driver Distraction and Road Safety /Louis Tijerina -- Fatigue and Driving /Alison Smiley, Ph.D., CCPE -- Medical Conditions and Driving /Bonnie M. Dobbs, Ph.D. -- The Visibility Provided by Vehicle Lighting Systems /Paul Olson -- Positive Guidance /Gerson Alexander, B.S., BCPE -- Intersection and Roundabout Crashes /Alison Smiley, Ph.D., CCPE -- Lane Departure Crashes /Alison Smiley, Ph.D., CCPE -- Traffic Control Devices /Alison Smiley, Ph.D., CCPE and Thomas Smahel, M.ARCH., CCPE -- Highway Work Zones /Fred Hanscom and Robert Dewar -- Pedestrians and Bicyclists /Robert Dewar -- The Traffic Safety Culture Paradigm /Nicholas Ward, Jay Otto, Steve Swinford, Sarah Keller, and Jeff Linkenbach, Center for Health and Safety Culture, Western Transportation Institute, Montana State University. | |
| 526 |
_a0 _b0 _c0 _d363_125100000000000_SMI |
||
| 650 | 0 |
_aAutomobile driving _xPhysiological aspects. _951734 |
|
| 650 | 0 |
_aTraffic accidents _zUnited States. _922367 |
|
| 650 | 0 |
_aTraffic safety _zUnited States. _920010 |
|
| 700 | 1 |
_aAlexander, Gerson J., _951735 |
|
| 942 |
_2ddc _cBK |
||
| 999 |
_c554285 _d554285 |
||